LEADER 00808nas a2200229 i 4500 001 000000335110 003 CaOOAMICUS 005 20190717174024.0 008 190717e2019 ne qr u0 0eng r 013 $a236583 040 $aSeMil$bita 245 10$a[2019 : 1]. 260 $aLeiden ; Boston :$bBrill,$ccopyr. 2019. 300 $a154 p. ;$c24 cm. 500 $aArticoli con sintesi in inglese [Abstract] in testa. 773 0 $tJournal for the Study of Judaism.$dLeiden : Brill $x0047-2212$w()2390 850 $aSeMil 852 $aSeMil$W1$xVenegono$y1$m239 1 98$j214578$B227126$CSeMilBibl$Z2$F227126 $85 961 $aAbbonamento. Brill 996 $6245$a[2019 : 1]$9(OLS)http://semarc/title/424105 996 $6260$aLeiden ; Boston :$bBrill$9(OLS)http://semarc/publisher/39473 LEADER 01082nam a2200277 i 4500 001 000000199230 003 CaOOAMICUS 005 20110319000000.0 008 110319s1986 it u000 u ita u 013 $a177921 020 $a88-311-0074-2 040 $aSeMil$bita 100 1 $aBaldini, Massimo,$d<1947-2008>.$0(OLS)http://semarc/name/89118 245 10$aProblemi e prospettive di storia della scienza /$cMassimo Baldini. 260 $aRoma :$bCittà Nuova,$c1986. 300 $a171 p. ;$c18 cm. 490 0 $aIdee ;$v74. 490 0 $aIdee. Sezione Readings 500 $aContiene : Bibliografia. 830 0$aIdee ;$v74.$0(OLS)http://semarc/title/6244 830 0$aIdee. Sezione Readings.$0(OLS)http://semarc/title/33036 850 $aSeMil 852 $aSeMil$W1$xVenegono$y1$m3X I 159$j149783$B149783$CSeMilBibl$Z2$F161149 $81 996 $6020$a88-311-0074-2$9(OLS)http://semarc/number/191575 996 $6245$aProblemi e prospettive di storia della scienza$9(OLS)http://semarc/title/288078 996 $6260$aRoma :$bCittà Nuova$9(OLS)http://semarc/publisher/29609 LEADER 00545nab a2200145 i 4500 001 000000308935 003 CaOOAMICUS 005 20180831172945.0 008 180831n it uu u0 0ita r 013 $a17982 040 $aSeMil$bita 100 1 $aNicelli, Paolo,$c.$0(OLS)http://semarc/name/68555 245 10$aReligione, politica e società a Medina. - Titolo dalla copertina. 773 0 $t[vedi periodico].$gp.276-286$w()274081 996 $6245$aReligione, politica e società a Medina. - Titolo dalla copertina.$9(OLS)http://semarc/title/384143